000 00944cam a2200253 4500
001 sa 68013316
003 DLC
005 20260227112620.0
008 910716m19679999ii ab b 000 0 hino
010 _asa 68013316
040 _aDLC
_cDLC
_dDLC
043 _aa-ii---
050 0 0 _aDS422.C3
_bK32 1967
100 1 _aKauśika, R̥shi Jaiminī,
_d1919-
245 1 0 _aMaiṃ apane Māravāṛī samāja ko pyāra karatā hūm̐.
_clekhaka R̥shi Jaiminī Kauśika "Barūā."
260 _a[Kalakattā]
_bJaiminī-Prakāśana,
_cc1967-<2000 >
300 _av. <1-11, 13-16, 16, pt. 1-2 > :
_bill., maps ;
_c28 cm.
500 _aIn Hindi.
500 _aAkhila Bhāratavarshīya Māheśvarī Mahāsabhā amr̥ta-vallarī.
504 _aIncludes bibliographical references.
650 0 _aCaste
_zIndia
_xHistory.
650 0 _aBusinesspeople
_zIndia
_xHistory.
740 0 _aAkhila Bhāratavarshīya Māheśvarī Mahāsabhā amr̥ta-vallarī.
999 _c85031
_d85031